| 000 | 00993nas a2200325 4500 | ||
|---|---|---|---|
| 001 | BR2014002163 | ||
| 003 | BR-BrBNA | ||
| 005 | 20231205123853.0 | ||
| 007 | ta | ||
| 008 | 230509b bl.|||p| |||| 00| 00por d | ||
| 040 |
_aBR-BrBNA _bpor _cBiblioteca Nacional de Agricultura |
||
| 041 | _a(En) | ||
| 072 | _aQ52 | ||
| 100 | 1 | _aCavali, J. | |
| 100 | 1 | _aPereira, O.G. | |
| 100 | 1 | _aValadares Filho, S. de C. | |
| 100 | 1 | _aPorto, M.O. | |
| 100 | 1 | _aFernandes, F.E.P. | |
| 100 | 1 | _aGarcia, R. | |
| 245 | 1 | _aMixed sugarcane and elephant grass silages with or without bacterial inoculant | |
| 650 | _aCANA DE AÇÚCAR | ||
| 650 | _aCAPIM ELEFANTE | ||
| 650 | _aSILAGEM | ||
| 650 | _aÁCIDO ORGÂNICO | ||
| 650 | _aETANOL | ||
| 773 | 0 |
_tRevista Brasileira de Zootecnica (Brazil) _xISSN 1802-9290 _g(Mar 2010), v. 39(3) p. 462-470 _wBR2014002163 |
|
| 856 | 4 | 0 | _uhttp://www.scielo.br/pdf/rbz/v39n3/a03v39n3.pdf |
| 909 |
_a202311 _bLúcia _c55 _dLúcia Elande |
||
| 942 |
_2AGRIS _n0 _cANA |
||
| 999 |
_c236120 _d236120 |
||